Marvel quotes # 2 - Statistics

General Stats
  • This quiz has been taken 172 times
    168 since last reset
  • The average score is 18 of 45
Answer Stats
Hint Answer % Correct
We are groot Groot
96%
Language Captain america
95%
On your left Captain america
92%
Hey big guy, suns getting real low Natasha
81%
well, I was born yesterday Vision
81%
Dance off bro me and you Peter Quill
75%
Well he don't know talkin' good like me and you, so his vocabulistics is limited to I and Am and Groot, exclusively in that order Rocket
75%
And for gosh's sake, watch your language! Tony Stark
70%
Hey, fellas. Either one of you know where the smithsonian is? I'm here to pick up a fossil Natasha
69%
Nothing goes over my head...! My reflexes are too fast, I would catch it Drax
65%
Am I always picking up after you boys Natasha
65%
Wait I didn't steal anything! I was returning something I stole Scott Lang
57%
She does not belong here in asgard any more than a goat belongs at a banquet table Odin
56%
It's a...Electromagnet. You should know. You've got a box of them right here Tony stark
53%
Well now I'm standing. Happy? We're all standing now. Bunch of Jack@$$es, standing in a circle Rocket
52%
steve, he said a bad language word Maria Hill
46%
did he just say Hi, I'm scott Hope Van Dyne
45%
I once had strings, but now I'm free.... There are no strings on me! Ultron
45%
Well done, you just decapitated your grandfather Loki
43%
Okay. I just have one question....Who are you, who is she, what the hell is going on here, and can I go back to jail now Scott Lang
43%
I seem to do quite well for a strtch, and then at the end of the sentence I say the wrong cranberry Jarvis
36%
I accept your surrender Thor
33%
I need to find this guy. You gotta stay safe. That's all I know. I just stole a poncho from a wooden Indian. Tony Stark
32%
Well....It looks like you're giving the orders now, captain. Nick Fury
31%
Nobody would know. Nobody Clint Barton
30%
WAR MACHINE ROX with an X all caps Rhodes
30%
Neither was omaha beach, blondie! stop trying to scare us, come on Stan lee
27%
You see what he has turned me into? You kill him and I will help you destroy a thousand planets Nebula
25%
Look, why don't you let me take over? I'm clearly the better pilot Loki
22%
You must miss the good old days, huh? Sam Wilson
22%
Spare me your foul gaze woman Drax
20%
technically, you're dead Harley
20%
Do you got any other cute little buggers like this one? I like to stick 'em all in a row on my control console Yondu
20%
Hope you don't catch him Cassie Lang
17%
No, no, no, Not those three wombats Hank Pym
16%
Good evening, Colonel. Can I give you a lift Jarvis
16%
This would've been a lot easier a week ago Sam Wilson
16%
I see your time in the dungeon has made you no less graceful, loki Fandral
15%
One down, Five to go The collector
13%
sorry I'm late, I was saving the world. You know how it is Scott Lang
12%
What's a box gonna do Peter Quill
10%
The tesseract is already on asgard. It is not wise to keep two Infinity stones so close together Volstagg
9%
The early bird gets the worm, but it's the second mouse that gets the chees Killian
4%
did not kill the old lady. she still throw the jewel into the oceans Kurt
3%
Finally! Hope Van Dyne
1%
No matching quizzes found
Score Distribution
Percent of People with Each Score
Percentile by Number Answered
Your Score History
You have not taken this quiz since the last reset